000 00640nam a22001817a 4500
005 20251108164311.0
008 250721s1996 xx 000 0 ara d
082 1 4 _a330.9/أوض
100 1 _aستارك، ليندار
_eطابع
245 1 0 _aأوضاع العالم 1994 :
_bتقرير لمعهد ويرلدوتش حول التقدم نحو مجتمع قابل للبقاء /
264 1 _aعمان :
_bدار البشير للنشر و التوزيع،
_c1996.
300 _a400ص
650 1 7 _aالتاريخ
650 1 7 _aالإقتصاد
700 1 _aحجاج، علي حسين
_eترجمة
942 _2ddc
_cBK
999 _c8741
_d8741